000 01002nam a2200241Ia 4500
001 9474
003 GE_BSU
008 181216s||||||||xx |||||||||||||| ||und||
020 _a9789941903328
040 _cGE_BSU
080 _a69:658+69:658.51+693.002.5-52
100 _aბიჭიაშვილი,ჯონი,ნიჟარაძე,გენო, სიჭინავა,გიორგი
245 _aშენებლობის ორგანიზაცია,მექანიზაცია,ავტომატიზაცია,დაგეგმვა და მენეჯმენტი წ.1.ნაწ.2
245 _cრედ.ბიჭიაშვილი ჯონი
260 _aთბილისი
260 _bლეგა
260 _c2008
300 _a520გვ.20სმ.
300 _eბიბლიოგრ. გვ.507-514
541 _h28ლ.70თ.
653 _aშენებლობის ორგანიზაცია
942 _cBK
999 _c42768
_d42768